LIBRARY ONLINE CATALOGUE

Audit and assurance (AA) / (Record no. 7970)

MARC details
000 -LEADER
fixed length control field 00663cam a22002052 4500
001 - CONTROL NUMBER
control field 0000009556
005 - DATE AND TIME OF LATEST TRANSACTION
control field 20151217152057.0
008 - FIXED-LENGTH DATA ELEMENTS--GENERAL INFORMATION
fixed length control field 081110s xx 000 0 eng d
020 ## - INTERNATIONAL STANDARD BOOK NUMBER
International Standard Book Number 1847104885 :
Terms of availability KES 2300
040 ## - CATALOGING SOURCE
Original cataloging agency KABU
Transcribing agency KABU
110 2# - MAIN ENTRY--CORPORATE NAME
Corporate name or jurisdiction name as entry element The Association of Chartered Certified Accountants.
-- 0000161242
245 10 - TITLE STATEMENT
Title Audit and assurance (AA) /
Statement of responsibility, etc. ACCA.
260 ## - PUBLICATION, DISTRIBUTION, ETC. (IMPRINT)
Place of publication, distribution, etc. Wokingham, England :
Name of publisher, distributor, etc. KAPLAN,
Date of publication, distribution, etc. 2007.
300 ## - PHYSICAL DESCRIPTION
Extent xxii, 220 p.
650 #0 - SUBJECT ADDED ENTRY--TOPICAL TERM
Topical term or geographic name as entry element Auditing, Internal.
-- 0000151764
650 #0 - SUBJECT ADDED ENTRY--TOPICAL TERM
Topical term or geographic name as entry element Auditing, Internal
General subdivision Problems, exercises, etc.
-- 0000161243
908 ## - PUT COMMAND PARAMETER (RLIN)
Put command parameter 081110
950 ## - LOCAL HOLDINGS (RLIN)
-- 1
Holdings
Withdrawn status Lost status Source of classification or shelving scheme Not for loan Home library Current library Date acquired Total Checkouts Full call number Barcode Date last seen Date last checked out Price effective from Koha item type
    Library of Congress Classification   Kabarak, Main Campus Kabarak, Main Campus 17/12/2015 2 HF5668.25 .A87 2007 c. 1 15451 01/07/2019 19/06/2019 17/12/2015 General Collection